00749 2200253 4500001002100000005001700021008004100038020001700079035002400096040001200120082001000132090001700142100002100159245010400180250001100284260004000295300003200335500003100367650002700398700001600425700002700441850001200468990001500480YOGYA-0209000000936020090227021214.0 ind  a979-20-384-x 0010-020900000009360 aYOPDYOG a302.2 a302.2bGra K aGRAEFF, Judith A aKomunikasi untuk kesehatan danperubahan perilakucJudith A Graeff, John Eider Elizabeth Miles Booth aCet. 1 aYogyakartabGadjah Mada Pressc1986 axviii, 252 hlmbilusc21 cm aBibliografi : hlm. 231-240 aKomunikasi - Kesehatan aElder, John aBooth, Elizabeth Miles aYOPDYOG a99P0001948